Sociedades descartables (Registro nro. 21129)

Detalles MARC
000 -LEADER
fixed length control field 00311 a2200109 4500
001 - CONTROL NUMBER
control field ART_42326
005 - DATE AND TIME OF LATEST TRANSACTION
control field 20260410161807.0
008 - FIXED-LENGTH DATA ELEMENTS--GENERAL INFORMATION
fixed length control field 260409a
100 1# - MAIN ENTRY--PERSONAL NAME
Personal name Miguel, Luis A.
245 10 - TITLE STATEMENT
Title Sociedades descartables
773 0# - HOST ITEM ENTRY
Title Doctrina Societaria y Concursal
Related parts - Nº 278 (ene. 2011)
Record control number REV4298

No hay ítems disponibles.